A preliminary model of the circulating blood for use in radiation dose calculations /

Bibliographic Details
Main Author: Hui, Tsz-Yik Edmond, 1961-
Format: Thesis eBook
Language:English
Published: [Place of publication not identified] : [publisher not identified] ; 1986.
Subjects:
Online Access:Link to OAKTrust copy

MARC

Tag First Indicator Second Indicator Subfields
LEADER 00000cam a2200000 a 4500
001 in00000011663
005 20220103114949.0
007 cr unu a
008 880330s1986 xx a b 00010 eng d
035 |9 AAA4207AM 
035 |a (OCoLC)17700038 
040 |a TXA  |c TXA  |d UtOrBLW 
049 |a TXAZ [Also in] [Archives]  |c 1 [A10710248], 2 [A10710298] 
099 |a 1986  |a Thesis  |a H899 
100 1 |a Hui, Tsz-Yik Edmond,  |d 1961- 
245 1 2 |a A preliminary model of the circulating blood for use in radiation dose calculations /  |c by Tsz-Yik Edmond Hui. 
264 1 |a [Place of publication not identified] :  |b [publisher not identified] ;  |c 1986. 
300 |a ix, 74 leaves :  |b illustrations ;  |c 29 cm. 
336 |a text  |b txt  |2 rdacontent 
337 |a computer  |b c  |2 rdamedia 
338 |a online resource  |b cr  |2 rdacarrier 
500 |a "Major subject: Nuclear Engineering." 
500 |a Typescript (photocopy). 
500 |a Vita. 
502 |b M.S.  |c Texas A&M University  |d 1986. 
504 |a Bibliography: leaves 51-53. 
530 |a Also available online. 
650 0 |a Blood  |x Circulation  |x Mathematical models. 
650 0 |a Radiation dosimetry. 
650 4 |a Major nuclear engineering. 
856 4 1 |u https://hdl.handle.net/1969.1/ETD-TAMU-1986-THESIS-H899  |z Link to OAKTrust copy  |t 0 
999 |a MARS 
999 f f |s 74607452-456e-3f34-b70a-395e6ae7e61a  |i e445a4ca-ebb5-3b8a-bd22-df45ec8d9e9c  |t 0 
952 f f |p noncirc  |a Texas A&M University  |b J.J. Pickle Campus  |c High Density Repository  |s HDR  |d Remote Storage  |t 0  |e 1986 Thesis H899  |h Other scheme  |i computer -- online resource  |m A14839614037 
952 f f |a Texas A&M University  |b College Station  |c Electronic Resources  |s www_evans  |d Available Online  |t 0  |e 1986 Thesis H899  |h Other scheme 
998 f f |a 1986 Thesis H899  |t 0  |l Remote Storage 
998 f f |a 1986 Thesis H899  |t 0  |l Available Online